Introduction to transcendental numbers /

Guardado en:
Autor Principal: Lang, Serge, 1927-2005.
Formato: Libro
Idioma:English
Publicado: Reading, Mass. : Addison-Wesley, c1966.
Series:Addison-Wesley series in mathematics
Materias:
Etiquetas: Agregar Etiqueta
Sin Etiquetas, Sea el primero en etiquetar este registro!
LEADER 00654cam a22002055a 4500
001 MAT.inmabb005078
008 840127s1966####mau######b####000#0#eng##
005 20151118165038.0
245 1 0 |a Introduction to transcendental numbers /  |c Serge Lang. 
260 |a Reading, Mass. :  |b Addison-Wesley,  |c c1966. 
300 |a vi, 105 p. ;  |c 24 cm. 
440 0 |a Addison-Wesley series in mathematics 
504 |a Bibliografía: p. 104-105. 
510 4 |a MR,  |c 35 #5397 
100 1 |a Lang, Serge,  |d 1927-2005. 
650 0 |a Transcendental numbers. 
084 |a 11Jxx  |2 msc2000 
010 |a  66028459  
040 |a DLC/ICU  |c ICU  |d DLC 
859 |h 11  |i L269t  |p A-2516  |b BIB. MATEMATICA